Terrorismo y legalidad internacional

Bibliographic Details
Main Author: Conde Přez, Elena
Format: eBook
Language:Spanish
Published: Madrid : Dykinson, 2012
Subjects:
Online Access:http://www.vlex.com/source/7009

MARC

LEADER 00000nam a22000007a 4500
005 20130222111928.0
007 cr|||| ||||
008 130222e2012 sp |||||s|||| 00||0 spa d
020 |a 978-84-9031-227-8 
035 |a 7009 
040 |a vLex 
090 |c 3721  |d 3721 
100 1 0 |a Conde Přez, Elena 
245 1 0 |a Terrorismo y legalidad internacional  |h [Recurso electrn̤ico] 
256 |a Servicio en ln̕ea 
260 |a Madrid :  |b Dykinson,   |c 2012 
300 |a 1 Recurso electrn̤ico 
650 0 4 |a Derecho internacional 
650 0 4 |a Terrorismo 
740 |a vLex Libros (Servicio en ln̕ea) 
856 |a Acceso restringido  |u http://www.vlex.com/source/7009 
942 |c BOOK 
999 0 |a International law